El amor en los tiempos del cólera

Adaptación de la famosa novela del Premio Nobel colombiano Gabriel García Márquez. Florentino Ariza es un poeta que se enamora locamente de Fermina Daza, una joven que pertenece a una familia acaudalada. Comienza entre ellos una apasionada correspondencia epistolar que se verá abruptamente interrump...

Descripción completa

Guardado en:
Autor Principal: Newell, Mike.
Autor Corporativo: Stone Village Pictures.
Otros Autores: García Márquez, Gabriel; Novela., Bardem, Javier; Reparto., Mezzogiorno, Giovanna; Reparto., Bratt, Benjamin; Reparto.
Formato: Deslizar
Idioma:Undetermined
Publicado: Estados Unidos : New Line Cinema, 2007.
Materias:
Etiquetas: Agregar Etiqueta
Sin Etiquetas, Sea el primero en etiquetar este registro!
LEADER 01416ngm a22002655a 4500
001 CEM.cems020677
008 231122s2007####xx#---############vlund#d
005 20231122210543.0
245 1 0 |a El amor en los tiempos del cólera  |h [videograbación] /  |c Mike Newell. 
260 |a Estados Unidos :  |b New Line Cinema,  |c 2007. 
300 |a 138'. 
520 |a Adaptación de la famosa novela del Premio Nobel colombiano Gabriel García Márquez. Florentino Ariza es un poeta que se enamora locamente de Fermina Daza, una joven que pertenece a una familia acaudalada. Comienza entre ellos una apasionada correspondencia epistolar que se verá abruptamente interrumpida cuando el padre de ella, tras descubrir el idilio, decide llevársela lejos de su amante. 
590 |a Identificación anterior: 299 
538 |a Soporte: DVD -- Formato: DVD – Peso: 6.46gb -- Resolución: 720 x 480 -- 29.97fps 
500 |a Título original: Love in the Time of Cholera – Idioma: Inglés – Subtítulos: Español, inglés y portugués. 
100 1 |a Newell, Mike. 
700 1 |a García Márquez, Gabriel; Novela. 
700 1 |a Bardem, Javier; Reparto. 
700 1 |a Mezzogiorno, Giovanna; Reparto. 
700 1 |a Bratt, Benjamin; Reparto. 
710 2 |a Stone Village Pictures. 
653 |a FICCIÓN 
653 |a ADAPTACIÓN 
653 |a LARGOMETRAJE 
859 |a CEMS  |b BIB. CEMS - Depto. Recursos Didacticos  |h 778.5  |i NEW  |k DRD  |p 3240.23  |t Ej.1